00378pab a2200133 454500008004000000100001800040245006600058260000900124300001500133362001200148650001400160650001400174773005600188180718b2013 xxu||||| |||| 00| 0 eng d aRao, B. Mohan aAn overview of the judicial decisions on 'last seen together' c2013 ap.151-161. aJan-Jun aJudiciary aCriminals aJournal of Constitutional and Parliamentary Studies